000 00336nam a2200145Ia 4500
008 230917s9999||||xx |||||||||||||| ||und||
040 _e52038
_aMAIN
041 _aEnglish
082 _aB D938M
100 _aDurrani, Tehmina
245 0 _aMy feudal lord
260 _aNew Delhi
_bSterling
_c1991
300 _aii, 365 p.
942 _cBK
999 _c69158
_d69158